Growth and development across the lifespan : (رقم التسجيلة. 35371)

تفاصيل مارك
000 -الفاتح
حقل البيانات ثابتة الطول 01711cam a2200361 a 4500
001 - رقم الضبط
رقم الضبط 17361479
003 - محدد رقم الضبط
رقم الضبط OSt
005 - وقت وتاريخ اخر تعامل مع التسجيلة
رقم الضبط 20150408114220.0
008 - عناصر البيانات ثابتة الطول - معلومات عامة
حقل البيانات ثابتة الطول 120622s2013 moua f b 001 0 eng
010 ## - رقم ضبط مكتبة الكونجرس
رقم ضبط مكتبة الكونجرس 2012025727
020 ## - الرقم الدولى المعيارى للكتب
الرقم الدولى المعيارى للكتاب 9781455745456 (pbk. : alk. paper)
035 ## - رقم ضبط النظام
رقم ضبط النظام (DNLM)101586852
040 ## - مصدر الفهرسة
وكالة الفهرسة الأصلية DNLM/DLC
وكالة النسخ DLC
وكالة التعديل DLC
042 ## - رمز التحقق
رمز التحقق pcc
050 00 - رقم طلب مكتبة الكونجرس
رقم التصنيف RA427.8
رقم المادة .L455 2013
060 10 - رقم الطلب بالمكتبة الطبية الوطنية
رقم التصنيف WS 103
082 00 - رقم تصنيف ديوى العشرى
رقم التصنيف 613 LGG
رقم الطبعة 23
100 1# - المدخل الرئيسى - إسم شخصى
الإسم الشخصى Leifer, Gloria.
9 (RLIN) 19872
245 10 - بيان العنوان
العنوان Growth and development across the lifespan :
بقية العنوان a health promotion focus /
بيان المسئوليه,etc Gloria Leifer, Eve Fleck.
250 ## - بيان الطبعة
بيان الطبعة 2nd ed.
260 ## - PUBLICATION, DISTRIBUTION, ETC. (IMPRINT)
مكان الناشر او الموزع St. Louis, Mo. :
اسم الناشر او الموزع Elsevier,
تاريخ النشر أو التوزيع c2013.
300 ## - الوصف المادى
التعداد xvi, 316 p. :
تفاصيل ماديه اخرى للوعاء ill. (chiefly col.) ;
أبعاد الوعاء 23 cm.
504 ## - تبصرة ببليوجرافية
تبصرة ببليوجرافية,الخ Includes bibliographical references (p. 276-298) and index.
505 0# - تبصرة محتويات-الفهرس
تبصرة المحتويات المصاغة Healthy people 2020 -- Government influences on health care -- Cultural considerations in health care -- The influence of family on developing a lifestyle -- Theories of development -- Prenatal influences on healthy development -- The infant -- Early childhood -- Middle childhood -- Adolescence -- Young adulthood -- Middle adulthood -- Late adulthood -- Advanced old-age and geriatrics -- Planning for the end of life -- Loss, grief, and bereavement.
650 12 - المدخل الاضافى بالموضوع-مصطلح موضوعى
مصطلح موضوعي أو اسم جغرافي كعنصر مدخل Human Development
التقسيم الفرعي الشكلي Nurses' Instruction.
9 (RLIN) 19873
650 22 - المدخل الاضافى بالموضوع-مصطلح موضوعى
مصطلح موضوعي أو اسم جغرافي كعنصر مدخل Health Education
التقسيم الفرعي العام methods
التقسيم الفرعي الشكلي Nurses' Instruction.
9 (RLIN) 19874
650 22 - المدخل الاضافى بالموضوع-مصطلح موضوعى
مصطلح موضوعي أو اسم جغرافي كعنصر مدخل Health Promotion
التقسيم الفرعي العام methods
التقسيم الفرعي الشكلي Nurses' Instruction.
9 (RLIN) 19875
650 22 - المدخل الاضافى بالموضوع-مصطلح موضوعى
مصطلح موضوعي أو اسم جغرافي كعنصر مدخل Personality Development
التقسيم الفرعي الشكلي Nurses' Instruction.
9 (RLIN) 19876
700 1# - المدخل الاضافى - اسم شخصى
الإسم الشخصى Fleck, Eve.
9 (RLIN) 45858
906 ## - عنصر بيانات محلى F, LDF (RLIN)
a 7
b cbc
c orignew
d 1
e ecip
f 20
g y-gencatlg
942 ## - عناصر المدخل الإضافي( كوها)
مصدر التصنيف او مخطط الترفيف Dewey Decimal Classification
Koha [default] item type كتاب
المقتنيات
حالة الفقد نموذج السعر الفعال حالة تلف ليس للاعارة رقم الطلب رقم النسخة تاريخ الاكتساب الموقع الحالي الباركود الفرع الرئيسي Date last seen نوع المادة فى نظام كوها مصدر التصنيف او خطة الترفيف Total Checkouts Date last checked out
  2014-06-23   Not For Loan 613 LGG 1 2014-06-23 المكتبة المركزية بالمجمعة (CL) 00307406 المكتبة المركزية بالمجمعة (CL) 2014-06-23 كتاب Dewey Decimal Classification    
  2014-06-24     613 LGG 2 2014-06-24 المكتبة المركزية بالمجمعة (CL) 00307407 المكتبة المركزية بالمجمعة (CL) 2014-06-24 كتاب Dewey Decimal Classification    
  2015-10-11     613 LGG   2015-10-11 المكتبة المركزية بالمجمعة (CL) 00653803 المكتبة المركزية بالمجمعة (CL) 2015-10-11 كتاب Dewey Decimal Classification    
  2015-10-11     613 LGG   2015-10-11 المكتبة المركزية بالمجمعة (CL) 00653804 المكتبة المركزية بالمجمعة (CL) 2015-10-11 كتاب Dewey Decimal Classification    
  2015-10-11     613 LGG   2015-10-11 المكتبة المركزية بالمجمعة (CL) 00653805 المكتبة المركزية بالمجمعة (CL) 2015-10-11 كتاب Dewey Decimal Classification    
  2015-10-15     613 LGG   2015-10-15 مكتبة كلية العلوم الطبية التطبيقية بالمجمعة - طالبات (AMF) 00654475 مكتبة كلية العلوم الطبية التطبيقية بالمجمعة - طالبات (AMF) 2021-03-25 كتاب Dewey Decimal Classification 4 2020-11-30
  2015-10-15     613 LGG   2015-10-15 مكتبة كلية العلوم الطبية التطبيقية بالمجمعة - طالبات (AMF) 00654476 مكتبة كلية العلوم الطبية التطبيقية بالمجمعة - طالبات (AMF) 2019-11-27 كتاب Dewey Decimal Classification 1 2019-08-19